000 00765nam a2200253Ia 4500
003 OSt
005 20220925204854.0
006 a|||||r|||| 00| 0
007 ta
008 220923b |||||||| |||| 00| 0 eng d
020 _a9024750210
037 _cGeneral Book
040 _aRTL
_cRTL
_beng
041 _2eng
_aeng
082 _aV1N4:17.N7, L1
100 _aEl-Ayouty Yassin
_9269155
245 0 _aUnited Nations and decolonization
_b The role of Afro-Asia
260 _aHague
_bMartinus Nijhoff Netherlands
_c1971
300 _axxix, 286p.
_ccm.
500 _aBibliography p.259-64; Appendix:P243-58; Index:P265-86
650 _aHistory
942 _hV1N4:17.N7, L1
_cGB
_2CC
999 _c550616
_d550616